[Event "chess.com Speed 3m+2spm 2017"]
[Site "chess.com INT"]
[Date "2017.11.02"]
[Round "2.12"]
[White "Nakamura,Hi"]
[Black "Caruana,F"]
[Result "1/2-1/2"]
[WhiteElo "2786"]
[BlackElo "2802"]

1.b3 d5 2.Bb2 c5 3.Nf3 Nf6 4.e3 g6 5.Bxf6 exf6 6.c3 Nc6 7.d4 b6 8.Bb5 Bb7
9.O-O a6 10.Bd3 Bd6 11.Re1 O-O 12.g3 Qc7 13.Bf1 Rad8 14.a3 h5 15.Bg2 Ne7
16.Nbd2 Nf5 17.b4 Kg7 18.Rc1 Rfe8 19.bxc5 bxc5 20.c4 dxc4 21.Nxc4 Bf8 22.Ncd2 Qa5
23.Nb3 Qxa3 24.Nxc5 Bxc5 25.Rxc5 Qxc5 26.dxc5 Rxd1 27.Rxd1 Rc8 28.Rc1 Ne7
29.Nd4 Bxg2 30.Kxg2 f5 31.c6 a5 32.c7 Nd5 33.Rc5 Nf6 34.Nb5 Ne8 35.Rd5 Ra8
36.Rc5 Rc8 37.Rc6 a4 38.Rb6 Nxc7 39.Rc6 a3 40.Nxa3 Ra8 41.Nc4 Nd5 42.Rc5 Nf6
43.Ra5 Rc8 44.Ra4 Ne4 45.Na3 Rc1 46.Rc4 Rd1 47.Rc2 g5 48.Nb5 Rd2 49.Rxd2 Nxd2
50.Nd4 Kf6 51.Nf3 Nxf3 52.Kxf3 Ke5 53.Ke2 g4 54.f3 Kd5 55.e4+ fxe4 56.fxe4+ Kxe4
57.Kf2 Kd3 58.Kf1 Ke3 59.Ke1 Kf3 60.Kf1 f6 61.Kg1 f5 62.Kf1 f4 63.gxf4 Kxf4
64.Kg2 h4 65.Kf2 Ke4 66.Ke2 Kd4 67.Kf2 Kd3 68.Ke1 Ke3 69.Kf1 Kf3 70.Kg1 g3
71.hxg3 hxg3 72.Kf1 g2+ 73.Kg1 Kg3  1/2-1/2

[Event "chess.com Speed 3m+2spm 2017"]
[Site "chess.com INT"]
[Date "2017.11.02"]
[Round "2.13"]
[White "Caruana,F"]
[Black "Nakamura,Hi"]
[Result "1-0"]
[WhiteElo "2802"]
[BlackElo "2786"]

1.e4 e5 2.Nf3 Nc6 3.Bb5 Nf6 4.d3 Bc5 5.Bxc6 dxc6 6.h3 O-O 7.Nc3 Re8 8.Be3 Bf8
9.a4 a5 10.O-O b6 11.Nd2 Be6 12.Ne2 Nh5 13.g4 Nf6 14.Ng3 Nd7 15.Kh2 g6 16.Rg1 Be7
17.Nf5 Bg5 18.Nf3 Bxe3 19.fxe3 Kh8 20.Qe1 c5 21.b3 gxf5 22.gxf5 Bxf5 23.exf5 e4
24.Ng5 Ne5 25.Kh1 f6 26.Ne6 Qd5 27.Nxc7 Qc6 28.Nxe8 exd3+ 29.Rg2 Rxe8 30.Qg3 Qb7
31.cxd3 Nxd3 32.Rg1 Ne5 33.Qg7+ Qxg7 34.Rxg7 c4 35.bxc4 Nxc4 36.Rf7 Nxe3
37.Rxf6  1-0

[Event "chess.com Speed 3m+2spm 2017"]
[Site "chess.com INT"]
[Date "2017.11.02"]
[Round "2.14"]
[White "Nakamura,Hi"]
[Black "Caruana,F"]
[Result "1/2-1/2"]
[WhiteElo "2786"]
[BlackElo "2802"]

1.b3 d5 2.Bb2 Nf6 3.Nf3 g6 4.e3 Bg7 5.d4 O-O 6.Nbd2 b6 7.Bd3 Bb7 8.O-O Nbd7
9.c4 e6 10.Rc1 dxc4 11.Nxc4 Qe7 12.Ba3 c5 13.Qe2 Rac8 14.Nfe5 Nxe5 15.dxe5 Nd5
16.Nd6 Rc7 17.f4 Ba8 18.Nb5 Rd7 19.Bb2 Rfd8 20.Nd6 Nc7 21.Rcd1 Bc6 22.e4 Ne8
23.f5 exf5 24.exf5 Rxd6 25.f6 Bxf6 26.exf6 Qxe2 27.Bxe2 Rxd1 28.Rxd1 Rxd1+
29.Bxd1 Nd6 30.Be5 Nb5 31.a4 Nd4 32.Bb8 a6 33.Ba7 Bd5 34.Bxb6 Nxb3 35.Bxb3 Bxb3
36.Bxc5 Bxa4 37.Bb4 g5 38.Kf2 h5 39.h3 Bd7 40.Bd2 g4 41.hxg4 Bxg4 42.Ke3 Kf8
43.Kd4 Ke8 44.g3 Kd7 45.Kc5 Ke6  1/2-1/2

[Event "chess.com Speed 3m+2spm 2017"]
[Site "chess.com INT"]
[Date "2017.11.02"]
[Round "2.15"]
[White "Caruana,F"]
[Black "Nakamura,Hi"]
[Result "1/2-1/2"]
[WhiteElo "2802"]
[BlackElo "2786"]

1.d4 Nf6 2.Nf3 e6 3.g3 c5 4.Bg2 cxd4 5.Nxd4 d5 6.O-O e5 7.Nb3 Be6 8.Bg5 Nbd7
9.e4 dxe4 10.Bxe4 Qc7 11.Bg2 Be7 12.Nc3 O-O 13.Re1 Rad8 14.Qe2 h6 15.Bxf6 Bxf6
16.Nd5 Bxd5 17.Bxd5 Nb6 18.Be4 g6 19.Na5 Rb8 20.Nxb7 Bg7 21.Na5 Na4 22.Nc6 Rb6
23.Qc4 Nxb2 24.Qc5 Kh7 25.a4 f5 26.a5 Rb7 27.Bd5 a6 28.Ra3 Rb5 29.Qe7 Qxe7
30.Nxe7 Bf6 31.c4 Bxe7 32.cxb5 Bxa3 33.bxa6 Bc5 34.Rb1 Rb8 35.Rc1 Rb5 36.Rxc5 Rxc5
37.a7 Rxa5 38.a8=Q Rxa8 39.Bxa8 Kg7 40.h4 Kf6 41.Kg2 Nd3 42.Bd5 Nc5 43.Bc4 g5
44.hxg5+ hxg5 45.Kf1 e4 46.Ke2 f4 47.gxf4 gxf4 48.Bd5 Ke5 49.Ba8 Ne6 50.Bb7 Nd4+
51.Kd2 Nf5 52.Ke2 f3+ 53.Kd2 Nd6 54.Ba8 Kd4 55.Bc6 Nc4+ 56.Ke1 Ne5 57.Ba8 Nd3+
58.Kf1 Nc5 59.Bc6 Ne6 60.Ba8 Nf4 61.Bb7 Kd3 62.Ba8 Ne6 63.Bb7 Nd4 64.Ba8 Nb3
65.Bb7 Nc5 66.Ba8 Kd4 67.Bc6 Ke5 68.Ba8 Nb3 69.Bb7 Nd4 70.Ba8 Ne6 71.Bb7 Nc7
72.Bc6 Kf4 73.Bb7 Nb5 74.Ba8 Nc3 75.Bb7 Nd1 76.Ba8 Ke5 77.Bb7 Kd4 78.Ke1 Nb2
79.Kf1 Nd3 80.Ba8 Nc5 81.Bc6 Kd3 82.Ba8 Nb3 83.Ke1 Nd4 84.Kf1 Ne2 85.Bb7 Nc3
86.Ba6+ Kd4 87.Bb7 Kd3 88.Ba8 Kd4 89.Bb7 Kd3 90.Ba8 Nd1 91.Bb7 Nb2 92.Ba6+ Kd4
93.Bb7 Nc4 94.Ba8 Ne5 95.Bb7 Ng4 96.Ba8 Kd3 97.Bb7 Kd4 98.Ba8 Nh6 99.Bb7 Nf7
100.Ba8 Ne5 101.Bb7 Kd3 102.Ba8 Ng4 103.Bb7 Nxf2 104.Kxf2 e3+ 105.Kxf3 e2
106.Ba6+ Kc3 107.Bxe2  1/2-1/2

[Event "chess.com Speed 3m+2spm 2017"]
[Site "chess.com INT"]
[Date "2017.11.02"]
[Round "2.16"]
[White "Nakamura,Hi"]
[Black "Caruana,F"]
[Result "1-0"]
[WhiteElo "2786"]
[BlackElo "2802"]

1.Nf3 Nf6 2.b3 g6 3.Bb2 Bg7 4.d4 O-O 5.e3 d5 6.Nbd2 Nbd7 7.Bd3 c5 8.O-O e6
9.c4 b6 10.Qe2 Bb7 11.Rfd1 Qe7 12.Rac1 Rfd8 13.Ba3 Rac8 14.cxd5 Nxd5 15.Ba6 Bxa6
16.Qxa6 Rc7 17.Ne4 f5 18.Nc3 Nxc3 19.Rxc3 Nf6 20.Rcc1 Ne4 21.dxc5 Rxd1+ 22.Rxd1 bxc5
23.g3 h6 24.Kg2 Kh7 25.Qc4 Rc8 26.Qb5 Rd8 27.Bxc5 Nxc5 28.Rxd8 Qxd8 29.Qxc5 Qa8
30.Qe7 e5 31.h4 h5 32.b4 a6 33.a4 Qc6 34.a5 Kh6 35.Qg5+ Kh7 36.Qd8 Qe4 37.Qd6 g5
38.hxg5 h4 39.Qd1 hxg3 40.fxg3 Qxb4 41.Nh4 Qg4 42.Qd3 Qxg5 43.Nxf5 Qg6 44.e4 Bf8
45.Qd7+ Kh8 46.Qd8 Qf7 47.Qa8 Qa2+ 48.Kh3 Qf7 49.Qxa6 Qh5+ 50.Nh4 Qd1 51.Qf6+ Bg7
52.Qf3 Qa1 53.Nf5  1-0

[Event "chess.com Speed 1m+1spm 2017"]
[Site "chess.com INT"]
[Date "2017.11.02"]
[Round "2.18"]
[White "Nakamura,Hi"]
[Black "Caruana,F"]
[Result "1-0"]
[WhiteElo "2786"]
[BlackElo "2802"]

1.d3 Nf6 2.Nd2 e5 3.Ngf3 Nc6 4.g3 d5 5.e4 Be7 6.Bg2 O-O 7.O-O h6 8.Re1 d4
9.Nc4 Nd7 10.a4 Re8 11.c3 dxc3 12.bxc3 Nc5 13.Nfxe5 Nxe5 14.Nxe5 Bf6 15.d4 Bxe5
16.dxe5 Qxd1 17.Rxd1 Be6 18.Be3 Nxa4 19.Rxa4 Bb3 20.Rda1 Bxa4 21.Rxa4 Rxe5
22.Bd4 Rb5 23.h4 a5 24.e5 c6 25.Be4 Rb2 26.Kg2 b5 27.Ra1 Ra6 28.Rd1 a4 29.c4 Rb3
30.Ba1 Kf8 31.e6 fxe6 32.Rd7 Ke8 33.Rxg7 bxc4 34.Bf6  1-0

[Event "chess.com Speed 1m+1spm 2017"]
[Site "chess.com INT"]
[Date "2017.11.02"]
[Round "2.19"]
[White "Caruana,F"]
[Black "Nakamura,Hi"]
[Result "0-1"]
[WhiteElo "2802"]
[BlackElo "2786"]

1.d4 d6 2.Nf3 g6 3.g3 Bg7 4.Bg2 Bd7 5.O-O Qc8 6.c4 Nc6 7.Nc3 Bh3 8.d5 Ne5
9.Nxe5 Bxe5 10.e4 h5 11.f4 Bxc3 12.bxc3 h4 13.f5 hxg3 14.hxg3 gxf5 15.exf5 Bxf5
16.Qd4 Rh7 17.Bg5 Bh3 18.Qe4 Rg7 19.Qh4 Bxg2 20.Kxg2 f6 21.Qh5+ Kd8 22.Bf4 Qg4
23.Qxg4 Rxg4 24.Rh1 Rg7 25.Rae1 Kd7 26.Kf3 f5 27.Rh5 Rf8 28.a4 c6 29.a5 cxd5
30.cxd5 Rc8 31.Bd2 Rf7 32.Rb1 Rc7 33.Rb4 b6 34.axb6 axb6 35.c4 Rf8 36.Be3 Nf6
37.Rxf5 Nxd5 38.Rxf8 Nxb4 39.Bxb6 Rxc4 40.g4 Nd5 41.Bf2 Rc3+ 42.Kg2 e5 43.g5 Nf4+
44.Kh2 Ke7 45.Rh8 Rf3 46.Bh4 Ng6 47.Rh7+ Ke6 48.Bg3 Kf5 49.Rd7 Rd3 50.Bf2 d5
51.Kg2 d4 52.Kf1 Nf4  0-1

[Event "chess.com Speed 1m+1spm 2017"]
[Site "chess.com INT"]
[Date "2017.11.02"]
[Round "2.20"]
[White "Nakamura,Hi"]
[Black "Caruana,F"]
[Result "0-1"]
[WhiteElo "2786"]
[BlackElo "2802"]

1.Nf3 Nf6 2.b3 g6 3.Bb2 Bg7 4.e3 O-O 5.d4 d5 6.Bd3 a5 7.O-O a4 8.c4 c6 9.Nc3 axb3
10.axb3 Rxa1 11.Qxa1 Na6 12.Ba3 Re8 13.cxd5 Nxd5 14.Nxd5 Qxd5 15.Bc4 Qh5
16.Ne5 Bxe5 17.dxe5 Nc7 18.Rd1 Be6 19.Bxe6 Nxe6 20.Rd7 c5 21.Rxb7 Rd8 22.f3 Qf5
23.Qc1 Qd3 24.Bxc5 Nxc5 25.Qxc5 Qd1+ 26.Kf2 Rd2+ 27.Kg3 Qe1+ 28.Kh3 Qe2 29.Qc8+ Kg7
30.Qg4 Qxe3 31.Rxe7 Rd4 32.e6 Rxg4 33.Kxg4 h5+ 34.Kh3 Kh6 35.b4 fxe6 36.b5 g5
37.Rf7 g4+ 38.Kg3 Kg6 39.Rf4 Qe1+  0-1

[Event "chess.com Speed 1m+1spm 2017"]
[Site "chess.com INT"]
[Date "2017.11.02"]
[Round "2.21"]
[White "Caruana,F"]
[Black "Nakamura,Hi"]
[Result "0-1"]
[WhiteElo "2802"]
[BlackElo "2786"]

1.d4 d6 2.Nf3 Nf6 3.Nc3 g6 4.e4 Bg7 5.Be2 O-O 6.O-O a6 7.a4 b6 8.h3 Bb7 9.d5 c6
10.Be3 cxd5 11.exd5 Nbd7 12.Qd2 Rc8 13.Rfd1 Nc5 14.Qe1 Nce4 15.Nxe4 Nxe4
16.c3 a5 17.Ra3 Nf6 18.c4 Nd7 19.Nd4 Nc5 20.Bg4 Rb8 21.Nb5 Ba6 22.Bg5 f6
23.Be6+ Kh8 24.Bd2 Bxb5 25.axb5 f5 26.Bc3 Bxc3 27.Rxc3 Rf6 28.Re3 Qc7 29.Rd4 f4
30.Re2 f3 31.gxf3 Rbf8 32.Re3 Rxf3 33.Rxf3 Rxf3 34.Bg4 Rf6 35.Qe3 Qd8 36.Rf4 Qf8
37.Rxf6 Qxf6 38.b3 Kg7 39.Kg2 h5 40.Be6 Qe5 41.Qf3 Qe4 42.Qxe4 Nxe4 43.Kf3 Nc5
44.Ke3 Nxb3 45.h4 Nc5 46.Bh3 a4 47.Kd4 a3 48.Kc3 Kf6 49.f4 Nd3  0-1

[Event "chess.com Speed 1m+1spm 2017"]
[Site "chess.com INT"]
[Date "2017.11.02"]
[Round "2.22"]
[White "Nakamura,Hi"]
[Black "Caruana,F"]
[Result "1-0"]
[WhiteElo "2786"]
[BlackElo "2802"]

1.e4 Nf6 2.e5 Nd5 3.Nf3 d6 4.Bc4 Nb6 5.Bb3 Nc6 6.exd6 cxd6 7.O-O g6 8.d4 Bg7
9.c3 O-O 10.d5 Ne5 11.Nxe5 Bxe5 12.Bh6 Re8 13.Nd2 a5 14.Nf3 Bf6 15.a4 Bg4
16.h3 Bxf3 17.Qxf3 Nd7 18.Qe2 Qb6 19.Bc4 Nc5 20.Bb5 Red8 21.Be3 Qc7 22.Bd4 Nb3
23.Bxf6 exf6 24.Rae1 Nc5 25.Qf3 Kg7 26.Re3 Qb6 27.Re7 Na6 28.h4 h5 29.Rfe1 Nc7
30.c4 Nxb5 31.axb5 Qd4 32.Rxb7 Qxb2 33.Ree7 Rf8 34.Qe4 a4 35.g3 f5 36.Qe6 Qf6
37.Ra7 Rxa7 38.Rxa7 Qa1+ 39.Kg2 a3 40.Qxd6 Qd4 41.Rxa3 Qe4+ 42.Kh2 Qxc4 43.Qe5+ Kh7
44.d6 Rd8 45.Ra7 Kg8 46.Re7 Qc2 47.Re8+  1-0

[Event "chess.com Speed 1m+1spm 2017"]
[Site "chess.com INT"]
[Date "2017.11.02"]
[Round "2.23"]
[White "Caruana,F"]
[Black "Nakamura,Hi"]
[Result "1/2-1/2"]
[WhiteElo "2802"]
[BlackElo "2786"]

1.d4 b6 2.Nf3 Bb7 3.c4 e6 4.Nc3 Nf6 5.e3 Bb4 6.Bd3 O-O 7.O-O d6 8.Qc2 Bxc3
9.Qxc3 Bxf3 10.gxf3 e5 11.Kh1 Nc6 12.Rg1 Re8 13.d5 Ne7 14.f4 Qd7 15.fxe5 dxe5
16.Qxe5 Ng6 17.Qg3 Ne4 18.Qg2 Nc5 19.Bc2 c6 20.b4 Na6 21.a3 cxd5 22.cxd5 Rac8
23.Be4 f6 24.Bb2 Nh4 25.Qg4 Qxg4 26.Rxg4 Ng6 27.Bxg6 hxg6 28.Rxg6 Kf7 29.Rag1 Rg8
30.h4 Nb8 31.h5 Nd7 32.Bd4 Rcd8 33.R1g3 Nf8 34.R6g4 Rxd5 35.Rh3 Rh8 36.Rgh4 Ne6
37.Kg2 Nxd4 38.Rxd4 Rg5+ 39.Rg3 Rxg3+ 40.Kxg3 Ke6 41.Kh4 Rc8 42.f4 Rc3 43.e4 Rxa3
44.f5+ Ke5 45.Rd7 Kxe4 46.Rxg7 Kxf5 47.h6 Ra1 48.h7 Rh1+ 49.Kg3 a5 50.bxa5 bxa5
51.Kg2 Rh6 52.Ra7 Kg6 53.Rxa5 Rxh7 54.Kf3 Rh4 55.Ra8 Rh5 56.Kg3 Kf5 57.Rb8 Kg6
58.Kf3 Rg5 59.Kf4 Re5 60.Kf3 Kf7 61.Kf4 Kg6 62.Kf3 Kf7 63.Kf4 Re7 64.Kf3 Re8
65.Rb7+ Re7 66.Rb5 Re5 67.Rb4 Kg6 68.Rg4+ Rg5 69.Rxg5+ Kxg5 70.Kg3 Kf5 71.Kf3 Ke5
72.Ke3 Kf5 73.Kf3 Ke6 74.Ke4 f5+ 75.Kf4 Kf6 76.Kf3 Ke5 77.Ke3 Ke6 78.Kf4 Kf6
79.Kf3 Kg5 80.Kg3 f4+ 81.Kf3 Kf5 82.Kf2 Ke4 83.Ke2 Ke5 84.Kf3 Kf5 85.Kf2 Ke4
86.Ke2 f3+ 87.Kf2 Kf4 88.Kf1 Kg3 89.Kg1 Kg4 90.Kf2 Kf4 91.Kf1 Ke4 92.Kf2 Kf4
93.Kf1 Ke3 94.Ke1 f2+ 95.Kf1 Kf3  1/2-1/2

[Event "chess.com Speed 1m+1spm 2017"]
[Site "chess.com INT"]
[Date "2017.11.02"]
[Round "2.24"]
[White "Nakamura,Hi"]
[Black "Caruana,F"]
[Result "0-1"]
[WhiteElo "2786"]
[BlackElo "2802"]

1.b3 Nf6 2.Bb2 d5 3.e3 g6 4.Nf3 Bg7 5.d4 O-O 6.Bd3 Nbd7 7.O-O b6 8.c4 Bb7
9.cxd5 Nxd5 10.Nc3 Nxc3 11.Bxc3 c5 12.Rc1 Rc8 13.d5 Bxc3 14.Rxc3 Bxd5 15.Ba6 Bxf3
16.Qxf3 Rc7 17.Rd1 Ne5 18.Qe2 Rd7 19.Rxd7 Qxd7 20.f4 Ng4 21.Rd3 Qf5 22.Bb7 Nf6
23.Bf3 h5 24.g3 Qc8 25.e4 Rd8 26.Re3 e6 27.e5 Nd5 28.Rd3 Ne7 29.Be4 Rd4 30.Kf2 Qd7
31.Qd2 Kg7 32.Ke3 Nd5+ 33.Kf3 Nc7 34.Ke3 Nb5 35.a4 Rxd3+ 36.Qxd3 Nd4 37.Qc4 Nc6
38.Qd3 Nd4 39.Qc4 Qc8 40.b4 Qc7 41.a5 Qe7 42.bxc5 bxc5 43.Qa6 Qc7 44.Kd3 Nf5
45.Qb7 Qxa5 46.Bxf5 gxf5 47.Qe7 Qa3+ 48.Ke2 Qa2+ 49.Kf1 Qd5 50.Qxa7 c4 51.Qc7 Qd3+
52.Kg2 c3 53.Kh3 c2 54.Qe7 Qd1 55.Qf6+ Kf8 56.Qh8+ Ke7 57.Qf6+ Ke8 58.Qh8+ Kd7
59.Qf8 c1=Q 60.Qxf7+ Kd8 61.Qf8+ Kc7 62.Qe7+ Qd7 63.Qb4 Qf1+ 64.Kh4 Qfd1
65.Qa5+ Kb7 66.Qb4+ Kc8 67.Qc5+ Qc7 68.Qf8+ Qcd8+ 69.Qxd8+ Kxd8 70.h3 Ke7
71.Kg5 Qf3 72.Kh4 Kf7 73.Kg5 Qxg3+ 74.Kxh5 Kg7 75.h4 Qg6+  0-1

[Event "chess.com Speed 1m+1spm 2017"]
[Site "chess.com INT"]
[Date "2017.11.02"]
[Round "2.25"]
[White "Caruana,F"]
[Black "Nakamura,Hi"]
[Result "1/2-1/2"]
[WhiteElo "2802"]
[BlackElo "2786"]

1.d4 g6 2.Nf3 Bg7 3.g3 d6 4.Bg2 Bd7 5.O-O Qc8 6.c4 Nc6 7.Nc3 Bh3 8.e4 h5
9.Be3 h4 10.Nxh4 Bxd4 11.Bxd4 Nxd4 12.Qxd4 Rxh4 13.Bxh3 Qxh3 14.gxh4 Qg4+
15.Kh1 Qf3+ 16.Kg1 Qg4+ 17.Kh1 Qf3+ 18.Kg1 Qg4+ 19.Kh1 Qf3+ 20.Kg1  1/2-1/2

[Event "chess.com Speed 1m+1spm 2017"]
[Site "chess.com INT"]
[Date "2017.11.02"]
[Round "2.26"]
[White "Nakamura,Hi"]
[Black "Caruana,F"]
[Result "0-1"]
[WhiteElo "2786"]
[BlackElo "2802"]

1.b3 e5 2.Bb2 Nc6 3.e3 a6 4.Nf3 e4 5.Nd4 Nf6 6.Nxc6 dxc6 7.d3 Bf5 8.Be2 Bd6
9.O-O Qe7 10.Nd2 O-O-O 11.Nc4 h5 12.Nxd6+ cxd6 13.dxe4 Bxe4 14.Qd4 c5 15.Qd2 h4
16.f3 Bc6 17.Bd3 Kb8 18.e4 Nd7 19.Rae1 Ne5 20.Be2 g5 21.Bc4 Nxc4 22.bxc4 Rhg8
23.h3 Ka8 24.Bc3 Bd7 25.Rb1 Be6 26.Qd3 Qd7 27.Rb6 Qa4 28.Rxd6 Rxd6 29.Qxd6 Qxc4
30.Be5 Qxc2 31.Rd1 Rc8 32.Rd2 Qb1+ 33.Kh2 Qb5 34.Rb2 Qc6 35.Qe7 c4 36.Bd4 Qc7+
37.Qxc7 Rxc7 38.Rc2 b5 39.Bf6 b4 40.Bxg5 a5 41.Bxh4 a4 42.Bf6 Rb7 43.h4 b3
44.axb3 cxb3 45.Rc5 a3 46.Bd4 b2 47.Rc8+ Bxc8  0-1

[Event "chess.com Speed 3m+2spm 2017"]
[Site "chess.com INT"]
[Date "2017.11.02"]
[Round "2.10"]
[White "Nakamura,Hi"]
[Black "Caruana,F"]
[Result "1-0"]
[WhiteElo "2786"]
[BlackElo "2802"]

1.b3 e5 2.Bb2 Nc6 3.e3 Nf6 4.Bb5 e4 5.f3 a6 6.Bxc6 dxc6 7.Nc3 Bf5 8.fxe4 Nxe4
9.Nf3 Qe7 10.O-O O-O-O 11.Nxe4 Bxe4 12.d3 Bg6 13.e4 Qc5+ 14.Kh1 f6 15.Qe2 Bd6
16.Qf2 Qxf2 17.Rxf2 b5 18.e5 fxe5 19.Bxe5 Rd7 20.Bxd6 cxd6 21.Nh4 Kc7 22.Nxg6 hxg6
23.Re1 Rh5 24.Re6 Re5 25.Rxe5 dxe5 26.Re2 Kd6 27.Kg1 Rf7 28.Re3 Kd5 29.Rg3 Rf6
30.Rg4 a5 31.g3 Kc5 32.a4 Kd5 33.Kg2 Kc5 34.Kg1 Kd5 35.b4 axb4 36.Rxb4 bxa4
37.Rxa4 c5 38.Rg4 Rb6 39.c4+  1-0

[Event "chess.com Speed 5m+2spm 2017"]
[Site "chess.com INT"]
[Date "2017.11.02"]
[Round "2.8"]
[White "Nakamura,Hi"]
[Black "Caruana,F"]
[Result "1-0"]
[WhiteElo "2786"]
[BlackElo "2802"]

1.Nf3 Nf6 2.b3 d5 3.Bb2 c5 4.e3 e6 5.d4 Be7 6.Bd3 O-O 7.dxc5 Nc6 8.a3 a5
9.O-O Bxc5 10.Nbd2 Qe7 11.e4 dxe4 12.Nxe4 Nxe4 13.Bxe4 Bd7 14.Qe2 Rad8 15.Rfd1 h6
16.c3 Bd6 17.Bc2 Bc7 18.b4 Bc8 19.b5 Nb8 20.a4 Rxd1+ 21.Rxd1 Rd8 22.Nd2 Nd7
23.Nc4 Nb6 24.Ba3 Rxd1+ 25.Qxd1 Bxh2+ 26.Kxh2 Qh4+ 27.Kg1 Nxc4 28.Bc5 b6
29.Qd3 g6 30.Bd4 e5 31.Qxc4 Be6 32.Qc7 exd4 33.Qxb6 dxc3 34.Qxa5 Qd4 35.b6 Bd5
36.Qb5 Bb7 37.a5 Qg4 38.Qe8+ Kg7 39.Qe5+ Kh7 40.Qg3 Qd7 41.Qxc3 Qd5 42.Qf3 Qd7
43.Be4 Bxe4 44.Qxe4 Qd1+ 45.Kh2 Qh5+ 46.Kg3 Qg5+ 47.Kf3 Qh5+ 48.Kg3 Qg5+
49.Kf3 Qxa5 50.b7 Qa3+ 51.Ke2 Qb2+ 52.Kf3 Qb3+ 53.Kf4 Qb2 54.Kg3 h5 55.f4 Qb3+
56.Kh2 h4 57.Qf3 Qb4 58.Kh3 Kh6 59.Kxh4 Qb1 60.Kg3 Qe1+ 61.Kh2 Qb1 62.Qd5 Qe1
63.Qg5+  1-0

[Event "chess.com Speed 5m+2spm 2017"]
[Site "chess.com INT"]
[Date "2017.11.02"]
[Round "2.7"]
[White "Caruana,F"]
[Black "Nakamura,Hi"]
[Result "0-1"]
[WhiteElo "2802"]
[BlackElo "2786"]

1.e4 e5 2.Nf3 Nc6 3.Bb5 Nf6 4.d3 Bc5 5.c3 O-O 6.O-O Re8 7.Nbd2 a6 8.Bxc6 dxc6
9.Nc4 Bg4 10.h3 Bh5 11.Bg5 h6 12.Bxf6 Qxf6 13.g4 Bg6 14.Ncxe5 Rad8 15.Nxg6 Qxg6
16.Qe2 h5 17.Nh4 Qg5 18.Ng2 hxg4 19.hxg4 Bb6 20.Rae1 Rd6 21.b4 a5 22.a3 c5
23.b5 c4 24.d4 Qxb5 25.e5 Rh6 26.Qf3 Qb3 27.g5 Rg6 28.Qg3 Qxa3 29.Nf4 Bxd4
30.cxd4 Qxg3+ 31.fxg3 Rxg5 32.Kg2 b5 33.e6 fxe6 34.Nxe6 Rg6 35.Nxc7 Rxe1
36.Rxe1 b4 37.d5 c3 38.Nb5 Rb6 39.Nd4 b3 40.Nxb3 Rxb3 41.d6 Rb2+ 42.Kf3 Rd2
43.Rc1 Rxd6 44.Rxc3 Ra6 45.Ra3 a4 46.Ke4 Kf7 47.Kf4 Kf6 48.Ke4 Kg5 49.Kf3 Kf5
50.Ke3 Kg4 51.Kf2 Kh3 52.Kg1 g6 53.Kf2 Ra7 54.Kg1 g5 55.Kf2 Kg4 56.Kg2 Kf5
57.Kf3 g4+ 58.Ke3 Ke5 59.Kd3 Kd5 60.Kc3 Ke4 61.Kc4 Rd7 62.Kc5 Rd3 63.Rxa4+ Kf3
64.Kc4 Re3 65.Ra8 Kxg3 66.Kd4 Rb3  0-1

[Event "Champions Showdown G30"]
[Site "Saint Louis USA"]
[Date "2017.11.09"]
[Round "1.1"]
[White "Topalov,V"]
[Black "Nakamura,Hi"]
[Result "1/2-1/2"]
[WhiteElo "2749"]
[BlackElo "2780"]

1.e4 c6 2.d4 d5 3.e5 Bf5 4.Nf3 e6 5.Be2 Ne7 6.c3 Nd7 7.O-O h6 8.Nbd2 g5 9.Re1 Qc7
10.Nf1 Bh7 11.Ng3 Nf5 12.Bd3 Nxg3 13.Bxh7 Rxh7 14.fxg3 Be7 15.Qd3 Rg7 16.a4 O-O-O
17.a5 c5 18.Be3 h5 19.Rf1 Kb8 20.Qd2 Rdg8 21.b4 c4 22.Rae1 Qd8 23.Re2 Ka8
24.Ne1 f6 25.exf6 Nxf6 26.Nf3 Ne4 27.Qc2 Rf7 28.Rfe1 Bd6 29.Nd2 Nf6 30.Nf3 Ne4
31.Nd2 Nf6 32.Nf3 Ne4 33.Nd2  1/2-1/2

[Event "Champions Showdown G30"]
[Site "Saint Louis USA"]
[Date "2017.11.09"]
[Round "2.1"]
[White "Nakamura,Hi"]
[Black "Topalov,V"]
[Result "1-0"]
[WhiteElo "2780"]
[BlackElo "2749"]

1.e4 e5 2.Nc3 Nf6 3.g3 Nc6 4.Bg2 Bc5 5.d3 a6 6.Nge2 d6 7.h3 Be6 8.f4 h6 9.f5 Bd7
10.b3 Nd4 11.Bb2 Bc6 12.Nxd4 Bxd4 13.Qe2 b5 14.Nd1 Nd7 15.c3 Bb6 16.Nf2 a5
17.O-O b4 18.Kh2 bxc3 19.Bxc3 h5 20.Nd1 Nf6 21.Ne3 Bb5 22.Qd2 c6 23.Rfe1 Qc7
24.Kh1 Rd8 25.Nc2 O-O 26.a4 Ba6 27.b4 axb4 28.Nxb4 Ra8 29.Bf3 Bc5 30.g4 hxg4
31.hxg4 Rfb8 32.g5 Nh7 33.g6 Nf6 34.Nxa6 Rxa6 35.Reb1 Rxb1+ 36.Rxb1 Rxa4
37.Bd1 Ra8 38.Bb3 d5 39.Qh2 Re8 40.Bd2 fxg6 41.fxg6 Qd7 42.Rf1 Rb8 43.Rb1 Re8
44.Qh4 Qg4 45.Qxg4 Nxg4 46.exd5 cxd5 47.Bxd5+ Kf8 48.Rb5 Bd6 49.Kg2 Nf6 50.Bf7 Rc8
51.Bg5 Rb8 52.Ra5 e4 53.dxe4 Nxe4 54.Be3 Nf6 55.Bd4 Be7 56.Kf3 Rd8 57.Be5 Bd6
58.Bxf6 gxf6 59.Rh5 f5 60.Rh8+  1-0

[Event "Champions Showdown G30"]
[Site "Saint Louis USA"]
[Date "2017.11.09"]
[Round "3.1"]
[White "Topalov,V"]
[Black "Nakamura,Hi"]
[Result "1-0"]
[WhiteElo "2749"]
[BlackElo "2780"]

1.e4 c6 2.d4 d5 3.e5 Bf5 4.Nf3 e6 5.Be2 Ne7 6.c3 h6 7.O-O Nd7 8.Nbd2 Qc7
9.Nb3 g5 10.Ne1 c5 11.Bh5 Bg6 12.f4 c4 13.Nd2 gxf4 14.Rxf4 Bg7 15.Nf1 O-O
16.Ng3 Kh7 17.Rh4 Qd8 18.Nf3 Bd3 19.Bg4 Rh8 20.Nh5 Kg8 21.Rh3 Ng6 22.Be3 Qe7
23.Qd2 Bf8 24.Nf4 Nxf4 25.Bxf4 Bg7 26.Re1 Be4 27.Bxh6 Bxh6 28.Rxh6 Kg7 29.Rxh8 Rxh8
30.Ng5 Bd3 31.g3 Nf8 32.h4 Nh7 33.Nh3 Rg8 34.Kh2 Kh8 35.Bh5 Qf8 36.Nf4 Bf5
37.Qe3 f6 38.Rf1 Qh6 39.Be2 Qg7 40.Nxd5 fxe5 41.dxe5 b5 42.Nf4 Qh6 43.Bh5 Rd8
44.Rd1 Rxd1 45.Bxd1 Ng5 46.Qxa7 Ne4 47.Qa8+ Kh7 48.Bf3 Ng5 49.Qa7+ Kh8 50.Qa8+ Kh7
51.Qb7+ Kh8 52.Qb8+ Kh7 53.Qc7+  1-0

[Event "Champions Showdown G30"]
[Site "Saint Louis USA"]
[Date "2017.11.09"]
[Round "4.1"]
[White "Nakamura,Hi"]
[Black "Topalov,V"]
[Result "1-0"]
[WhiteElo "2780"]
[BlackElo "2749"]

1.e4 e5 2.Nc3 Nf6 3.Bc4 Nc6 4.d3 Bb4 5.Ne2 d5 6.exd5 Nxd5 7.O-O Be6 8.a3 Bxc3
9.bxc3 O-O 10.a4 b6 11.Bb5 Na5 12.d4 e4 13.c4 Ne7 14.d5 Bg4 15.Ba6 c6 16.h3 Bc8
17.Bxc8 Rxc8 18.d6 Ng6 19.c5 Nb7 20.Be3 bxc5 21.a5 Qd7 22.a6 Nxd6 23.Bxc5 Rfd8
24.Ng3 Qe6 25.Bxd6 Rxd6 26.Qg4 c5 27.Qxe4 Rxa6 28.Qxe6 Rxe6 29.Rxa7 Ne7 30.Rd1 g6
31.c3 Nc6 32.Rb7 Na5 33.Ra7 Nc6 34.Ra6 h5 35.Ra4 Rce8 36.Nf1 Kg7 37.Ne3 Re5
38.Ra6 Ne7 39.Nc4 Re2 40.Ne3 Rb8 41.Ra5 Rbb2 42.Rf1 Ng8 43.Rxc5 Nf6 44.Re5 Nd7
45.Rd5 Nf6 46.Rd4 Ra2 47.c4 Ra5 48.Rc1 Rc5 49.Ra1 Rb2 50.Ra7 Rb1+ 51.Kh2 Rb2
52.Rf4 Rb6 53.h4 Re6 54.Nd5 Rec6 55.Ne3 Re6 56.Kg3 Ne4+ 57.Kf3 Nd6 58.Rd7 Kf8
59.Rd4 Rc6 60.Ra7 Kg7 61.g3 Rf6+ 62.Ke2 Re6 63.Kd3 Rf6 64.Rf4 Re6 65.Rd7 Kf8
66.Ra7 Ke8 67.Nd5 Re1 68.Nf6+ Kf8 69.Ra8+ Ke7 70.Nd5+ Kd7 71.Ra7+ Ke8 72.Ne3 Rb1
73.Rd4 Nb7 74.Ra8+ Ke7 75.Kc2 Re1 76.Ra7  1-0

[Event "Champions Showdown G20"]
[Site "Saint Louis USA"]
[Date "2017.11.10"]
[Round "1.1"]
[White "Topalov,V"]
[Black "Nakamura,Hi"]
[Result "0-1"]
[WhiteElo "2749"]
[BlackElo "2780"]

1.e4 c5 2.Nf3 d6 3.d4 cxd4 4.Nxd4 Nf6 5.Nc3 a6 6.f3 e6 7.Be3 h5 8.Bc4 Qc7
9.Bb3 Nc6 10.Qd2 Be7 11.O-O-O Na5 12.Kb1 Bd7 13.g3 b5 14.h3 b4 15.Nce2 e5
16.Nf5 Nxb3 17.cxb3 Bxf5 18.exf5 Qb7 19.Rhf1 d5 20.f4 d4 21.Bg1 Ne4 22.Qe1 f6
23.fxe5 fxe5 24.Nc1 O-O 25.g4 a5 26.Bh2 Bd6 27.Qe2 h4 28.Rde1 Ng3 29.Bxg3 hxg3
30.Qe4 Qxe4+ 31.Rxe4 g6 32.Nd3 g2 33.Rg1 gxf5 34.gxf5 Rxf5 35.Rxg2+ Kf7 36.Rge2 Kf6
37.Nf2 Rc8 38.h4 Rf3 39.Rg4 Re3 40.Re4 Rxe2 41.Rxe2 Kf5 42.Ne4 Be7 43.Ng3+ Ke6
44.h5 Bg5 45.Rc2 Rf8 46.a4 Kd5 47.Rc7 Rf3  0-1

[Event "Champions Showdown G20"]
[Site "Saint Louis USA"]
[Date "2017.11.10"]
[Round "2.1"]
[White "Nakamura,Hi"]
[Black "Topalov,V"]
[Result "1/2-1/2"]
[WhiteElo "2780"]
[BlackElo "2749"]

1.e4 e5 2.Nc3 Nf6 3.Bc4 Bc5 4.f4 d5 5.exd5 e4 6.d4 exd3 7.cxd3 O-O 8.d4 Re8+
9.Nge2 Bd6 10.O-O Nbd7 11.h3 Nb6 12.Bb3 Bf8 13.f5 Nfxd5 14.Nf4 c6 15.Nfxd5 Nxd5
16.Qg4 Nf6 17.Qh4 h6 18.Rf3 b5 19.Rg3 Re1+ 20.Kh2 Rxc1 21.Rxc1 Bd6 22.Ne4 Bxg3+
23.Nxg3 Qd6 24.Rf1 Bd7 25.Qf4 Qxf4 26.Rxf4 Re8 27.Kg1 a5 28.a3 Re3 29.Rf3 Rxf3
30.gxf3 Kf8 31.Kf2 Ne8 32.Bc2 Nd6 33.Bd3 f6 34.b4 a4 35.h4 Be8 36.Nf1 Ke7
37.Ne3 Bf7 38.Ke2 Kd7 39.Kd2 Bd5 40.Nxd5 cxd5 41.h5 Kc6 42.Ke3 Nc8 43.Kd2 Nb6
44.Ke3 Nc4+ 45.Bxc4 dxc4 46.Kd2 Kd6 47.Kc2 Kc6 48.Kd2 Kd6  1/2-1/2

[Event "Champions Showdown G20"]
[Site "Saint Louis USA"]
[Date "2017.11.10"]
[Round "3.1"]
[White "Topalov,V"]
[Black "Nakamura,Hi"]
[Result "1/2-1/2"]
[WhiteElo "2749"]
[BlackElo "2780"]

1.e4 c5 2.Nf3 d6 3.d4 cxd4 4.Nxd4 Nf6 5.Nc3 a6 6.f3 e6 7.Be3 h5 8.Qd2 Be7
9.Be2 b5 10.a4 b4 11.Na2 d5 12.e5 Nfd7 13.f4 Nc5 14.O-O Ne4 15.Qe1 Qb6 16.c3 Nc6
17.a5 Nxa5 18.Nxb4 Bc5 19.Nxd5 exd5 20.b4 Nc4 21.Bxc4 dxc4 22.bxc5 Nxc5 23.f5 h4
24.Qe2 h3 25.Qg4 Qb2 26.Bf2 Qb7 27.Nf3 Nb3 28.Rfb1 O-O 29.Qxc4 hxg2 30.Ng5 Nd2
31.Qd3 Qd7 32.Bd4 Nxb1 33.e6 fxe6 34.Qh3 Rxf5 35.Qh7+ Kf8 36.Qh8+ Ke7 37.Qxg7+ Ke8
38.Qg8+ Ke7 39.Rxb1 Rf1+ 40.Rxf1 gxf1=Q+ 41.Kxf1 Qb5+ 42.Kf2 Qb2+ 43.Ke3 Qc1+
44.Ke2 Qc2+ 45.Ke3 Qc1+ 46.Ke2 Qc2+ 47.Ke3 Qc1+  1/2-1/2